[Event "Malaysian Open"]
[Site "Kuala Lumpur MAS"]
[Date "2011.08.18"]
[Round "2.46"]
[White "Lee, Kah Meng Elgin"]
[Black "Tan, Fischer"]
[Result "1-0"]
[WhiteElo "1985"]
[BlackElo "1560"]
[WhiteFideId "5701996"]
[BlackFideId "5803187"]
[EventDate "2011.08.18"]

1. d4 d6 2. c4 g6 3. Nc3 Bg7 4. e4 Nd7 5. Be2 b6 6. Be3 Ba6 7. Qd2 c5 8. d5 Ne5
9. b3 Nf6 10. h3 Nxe4 11. Nxe4 Nxc4 12. bxc4 Bxa1 13. Qd1 Bg7 14. Qa4+ b5 15.
Qxa6 bxc4 16. Qc6+ Kf8 17. Bxc4 Rb8 18. Ne2 Rb1+ 19. Nc1 f5 20. Ng5 Qa5+ 21. Ke2
Bf6 22. Re1 h6 23. Ne6+ Kf7 24. Kf1 g5 25. Bd3 Rb6 26. Qd7 f4 27. Bxf4 gxf4 28.
Nxf4 Rg8 29. Qe6+ Kg7 30. Nh5+ Kh8 31. Nxf6 Rgb8 32. Qf7 1-0

[Event "Malaysian Open"]
[Site "Kuala Lumpur MAS"]
[Date "2011.08.19"]
[Round "3.1"]
[White "Cao, Sang"]
[Black "Yu, Ruiyuan"]
[Result "1/2-1/2"]
[WhiteTitle "GM"]
[WhiteElo "2533"]
[BlackElo "2431"]
[WhiteFideId "725056"]
[BlackFideId "8603090"]
[EventDate "2011.08.18"]

1. Nf3 d5 2. d4 Nf6 3. Bg5 Ne4 4. Bf4 Bf5 5. e3 e6 6. Bd3 Bd6 7. Bxd6 Nxd6 8.
Bxf5 Nxf5 9. c4 c6 10. Qc2 Nd7 11. Nbd2 O-O 12. O-O Rc8 13. Rfc1 Nd6 14. Qb3 Qc7
15. Rc2 Qb8 16. Rac1 b5 17. cxd5 cxd5 18. Qb4 Qb6 19. a4 a5 20. Qb3 Rxc2 21.
Rxc2 Rb8 22. axb5 Qxb5 23. Qxb5 Rxb5 24. b3 Kf8 25. Kf1 Ke7 26. Ke2 f6 27. Ra2
Nb6 28. Ra3 a4 29. bxa4 Ra5 30. Nb3 1/2-1/2

[Event "Malaysian Open"]
[Site "Kuala Lumpur MAS"]
[Date "2011.08.19"]
[Round "3.2"]
[White "Gao, Rui"]
[Black "Lu, Shanglei"]
[Result "0-1"]
[WhiteTitle "IM"]
[BlackTitle "IM"]
[WhiteElo "2420"]
[BlackElo "2526"]
[WhiteFideId "8602387"]
[BlackFideId "8603332"]
[EventDate "2011.08.18"]

1. e4 c5 2. Nf3 e6 3. d4 cxd4 4. Nxd4 a6 5. Nc3 Qc7 6. Bd3 Nf6 7. f4 d6 8. O-O
g6 9. f5 Bg7 10. Kh1 e5 11. Nf3 Nbd7 12. Qe1 b5 13. a4 b4 14. Nd5 Nxd5 15. exd5
Nf6 16. Qh4 Qe7 17. Bh6 Bxh6 18. Qxh6 Ng4 19. Qg7 Qf8 20. Qxf8+ Rxf8 21. Ng5
gxf5 22. Bxf5 Ne3 23. Bxc8 Rxc8 24. Rf3 Nxc2 25. Raf1 f5 26. Ne6 e4 27. R3f2 Ne3
28. Re1 Rf7 29. Kg1 Nxd5 30. Ng5 Rfc7 31. Rxf5 Rc1 32. Rff1 Rxe1 33. Rxe1 e3 34.
Ne4 Kd7 35. Ng3 Rc2 36. Nf5 e2 37. Nd4 Rxb2 38. Nxe2 Rd2 39. Nc1 Nf4 40. g3 Ne6
41. Nb3 Rb2 42. Na5 Nd4 43. Rd1 Nf3+ 44. Kf1 Nxh2+ 45. Kg1 Nf3+ 46. Kf1 Rc2 47.
Rd3 Ne5 48. Rd4 Rc5 49. Nb7 Rc1+ 50. Ke2 Nc6 51. Rd2 Kc7 52. Nxd6 Ra1 53. Ne8+
Kb6 54. Nf6 Rxa4 55. Nxh7 Ra3 56. g4 a5 57. Nf6 a4 58. g5 Rg3 59. Ne4 Rg4 60.
Ke3 a3 61. Ra2 Ne5 62. Nf6 b3 63. Rxa3 Nc4+ 64. Kf3 Nxa3 65. Kxg4 b2 66. Nd5+
Kc5 67. Nc3 Kb4 68. Na2+ Kb3 69. g6 0-1

[Event "Malaysian Open"]
[Site "Kuala Lumpur MAS"]
[Date "2011.08.19"]
[Round "3.3"]
[White "Li, Shilong"]
[Black "Yu, Lie"]
[Result "1-0"]
[WhiteTitle "GM"]
[BlackTitle "IM"]
[WhiteElo "2520"]
[BlackElo "2414"]
[WhiteFideId "8600678"]
[BlackFideId "8603715"]
[EventDate "2011.08.18"]

1. d4 d5 2. c4 e6 3. Nc3 a6 4. cxd5 exd5 5. Nf3 c6 6. Qc2 Bd6 7. Bg5 Ne7 8.
O-O-O f6 9. Bd2 b5 10. e3 Bf5 11. e4 dxe4 12. Nxe4 O-O 13. Bd3 Bg6 14. h4 Ra7
15. h5 Bxe4 16. Bxe4 f5 17. Qb3+ Kh8 18. h6 Ng6 19. Bc2 Bf4 20. Kb1 Bxd2 21.
Rxd2 gxh6 22. Rxh6 Rg7 23. d5 cxd5 24. Rxd5 Qc7 25. Nd4 Nf4 26. Rxf5 Rxf5 27.
Bxf5 Qe5 28. Qe3 Qxe3 29. fxe3 Nxg2 30. Rb6 Nd7 31. Rxa6 Nc5 32. Rc6 Nb7 33. Ne6
Na5 34. Ra6 Rg8 35. Ra7 Rg3 36. Rxa5 Kg8 37. e4 Ne3 38. a3 h5 39. Rxb5 h4 40.
Rb8+ Kf7 41. Rh8 Nc4 42. Rxh4 Rg2 43. e5 Nxe5 44. Bh3 1-0

[Event "Malaysian Open"]
[Site "Kuala Lumpur MAS"]
[Date "2011.08.19"]
[Round "3.4"]
[White "Barbosa, Oliver"]
[Black "Zhang, Xiaowen"]
[Result "1-0"]
[WhiteTitle "IM"]
[BlackTitle "WGM"]
[WhiteElo "2514"]
[BlackElo "2389"]
[WhiteFideId "5201640"]
[BlackFideId "8603219"]
[EventDate "2011.08.18"]

1. d4 Nf6 2. c4 g6 3. Nc3 Bg7 4. e4 d6 5. Be2 O-O 6. Bg5 a6 7. Qd2 c5 8. Nf3
cxd4 9. Nxd4 Nc6 10. Nc2 Qa5 11. O-O Be6 12. Be3 Rfc8 13. a4 Ne5 14. b3 Bxc4 15.
bxc4 Nxc4 16. Bxc4 Rxc4 17. Ra3 Ng4 18. Bd4 Bxd4 19. Nxd4 Qc5 20. Nc2 Rc8 21.
Nd5 Rxc2 22. Qf4 Qxa3 23. Qxg4 e6 24. Nf6+ Kg7 25. Qg5 Qb2 26. Nh5+ Kh8 27. Ng3
Rc1 28. h4 Rxf1+ 29. Nxf1 Qe5 30. Qd2 Qxe4 31. Qxd6 Qd5 32. Qf4 Kg7 33. Ne3 Rc1+
34. Kh2 Qc6 35. Qd4+ f6 36. Ng4 e5 37. Qd8 Qe6 38. Ne3 Rc8 39. Qd2 Rc7 40. h5
Rd7 41. h6+ Kf7 42. Qb2 e4 43. g3 g5 44. Kg2 Kg6 45. g4 Kxh6 46. Qa3 Rd8 47.
Nf5+ Kg6 48. Qh3 Kf7 49. Qxh7+ Kf8 50. Qh8+ Kf7 51. Qxd8 e3 52. Qc7+ Kf8 53.
Qb8+ Kf7 54. Qxb7+ Kf8 55. fxe3 1-0

[Event "Malaysian Open"]
[Site "Kuala Lumpur MAS"]
[Date "2011.08.19"]
[Round "3.7"]
[White "Nguyen, Duc Hoa"]
[Black "Wang, Jue"]
[Result "0-1"]
[WhiteTitle "IM"]
[WhiteElo "2452"]
[BlackElo "2294"]
[WhiteFideId "12401358"]
[BlackFideId "8604070"]
[EventDate "2011.08.18"]

1. d4 Nf6 2. c4 g6 3. Nc3 Bg7 4. e4 d6 5. f3 O-O 6. Be3 Nc6 7. Nge2 a6 8. Qd2
Rb8 9. Nc1 e5 10. Nb3 exd4 11. Nxd4 Ne5 12. Be2 c6 13. Rd1 b5 14. cxb5 axb5 15.
b4 Qc7 16. O-O Ra8 17. Qc2 Qb7 18. Rb1 Re8 19. Rfd1 d5 20. exd5 Nxd5 21. Nxd5
cxd5 22. Bf2 Nc4 23. Bxc4 dxc4 24. Qd2 Qd5 25. h4 Bf5 26. Nxf5 Qxf5 27. Rbc1 h5
28. Qc2 Qf4 29. Re1 Rad8 30. Rxe8+ Rxe8 31. Rd1 c3 32. a3 Qc4 33. Rd3 Ra8 34.
Be3 Rxa3 35. Rd8+ Kh7 36. g4 Ra1+ 37. Bc1 Bd4+ 0-1

[Event "Malaysian Open"]
[Site "Kuala Lumpur MAS"]
[Date "2011.08.19"]
[Round "3.9"]
[White "Wen, Yang"]
[Black "Sharma, Dinesh K."]
[Result "1/2-1/2"]
[WhiteTitle "GM"]
[BlackTitle "IM"]
[WhiteElo "2558"]
[BlackElo "2350"]
[WhiteFideId "8602956"]
[BlackFideId "5004110"]
[EventDate "2011.08.18"]

1. d4 Nf6 2. c4 g6 3. g3 c5 4. dxc5 Qa5+ 5. Nd2 Qxc5 6. Bg2 Bg7 7. Nh3 O-O 8.
O-O Nc6 9. Nf4 e6 10. Nd3 Qe7 11. Rb1 d5 12. b4 Rd8 13. b5 Na5 14. Qa4 Nxc4 15.
Nxc4 dxc4 16. Qxc4 Nd5 17. Nb4 Nb6 18. Qb3 e5 19. Nd5 Nxd5 20. Bxd5 Bh3 21. Ba3
Qf6 22. Rfd1 Rd7 23. Rd3 Rad8 24. Rbd1 Bf5 25. e4 Bg4 26. f3 Bh3 27. Bc5 Bf8 28.
Bf2 Rc8 29. a4 Bc5 30. Qb2 Bxf2+ 31. Qxf2 Qb6 32. Qxb6 axb6 33. g4 Rc2 34. R3d2
Rxd2 35. Rxd2 h5 36. gxh5 gxh5 37. Kf2 Kg7 38. f4 Kf6 39. Ke3 Be6 40. Rf2 Bxd5
41. exd5 Kf5 42. fxe5+ Kxe5 43. Rf4 f5 44. Rh4 Rh7 45. d6 Kxd6 46. Kf4 Ke6 47.
Rh3 Kf6 48. Rd3 Re7 49. Rd6+ Re6 50. Rd7 Re4+ 51. Kf3 Re7 52. Rd6+ Re6 53. Rd7
Re7 54. Rd6+ 1/2-1/2

[Event "Malaysian Open"]
[Site "Kuala Lumpur MAS"]
[Date "2011.08.19"]
[Round "3.10"]
[White "Cheng, Bobby"]
[Black "Laylo, Darwin"]
[Result "0-1"]
[WhiteTitle "FM"]
[BlackTitle "GM"]
[WhiteElo "2323"]
[BlackElo "2528"]
[WhiteFideId "4300033"]
[BlackFideId "5201330"]
[EventDate "2011.08.18"]

1. d4 Nf6 2. c4 g6 3. Nc3 d5 4. Bg5 Ne4 5. Nxe4 dxe4 6. Qd2 Bg7 7. e3 h6 8. Bh4
c5 9. Ne2 cxd4 10. exd4 g5 11. Bg3 f5 12. f4 e5 13. fxe5 f4 14. Bxf4 gxf4 15.
Qxf4 Nc6 16. Rd1 Rf8 17. Qxe4 Bf5 18. Qf3 Qa5+ 19. Qc3 Qxa2 20. Ng3 O-O-O 21.
Be2 Be6 22. Ne4 Rf4 23. Nc5 Nxd4 24. g3 Rff8 25. Rxd4 Rxd4 26. Qxd4 Qa5+ 27. Kd1
Rd8 0-1

[Event "Malaysian Open"]
[Site "Kuala Lumpur MAS"]
[Date "2011.08.19"]
[Round "3.11"]
[White "Udani, Ian"]
[Black "Salvador, Roland"]
[Result "1/2-1/2"]
[BlackTitle "GM"]
[WhiteElo "2307"]
[BlackElo "2527"]
[WhiteFideId "5206243"]
[BlackFideId "5201047"]
[EventDate "2011.08.18"]

1. d4 Nf6 2. Nf3 e6 3. c4 b6 4. g3 Ba6 5. b3 d5 6. Bg2 Bb4+ 7. Bd2 Be7 8. cxd5
exd5 9. Nc3 Ne4 10. O-O O-O 11. Qc2 Nxd2 12. Nxd2 c6 13. Rfd1 Nd7 14. a3 Rc8 15.
b4 Bb7 16. Qb3 Bf6 17. e3 a6 18. a4 b5 19. a5 Re8 20. Na2 h5 21. Rac1 g6 22. Rc2
Nf8 23. Nc1 Ne6 24. Nf3 Qd6 25. Nd3 Kg7 26. Rdc1 Rc7 27. Nfe5 Bd8 28. Qc3 f6 29.
Nf3 Rce7 30. Bh3 Rc7 31. Bxe6 Qxe6 32. Nc5 Qc8 33. Qd3 g5 34. h4 Qg4 35. Nh2 Qc8
36. Nf3 Qg4 37. Nh2 Qc8 38. Nf3 Qg4 39. Nh2 1/2-1/2

[Event "Malaysian Open"]
[Site "Kuala Lumpur MAS"]
[Date "2011.08.19"]
[Round "3.12"]
[White "Bai, Jinshi"]
[Black "Ju, Wenjun"]
[Result "1-0"]
[BlackTitle "WGM"]
[WhiteElo "2151"]
[BlackElo "2515"]
[WhiteFideId "8602280"]
[BlackFideId "8603006"]
[EventDate "2011.08.18"]

1. d4 Nf6 2. c4 c5 3. d5 e5 4. Nc3 d6 5. e4 Be7 6. g3 Nbd7 7. Bg2 O-O 8. Nge2
Ne8 9. O-O g6 10. Bh6 Ng7 11. f4 exf4 12. gxf4 f5 13. exf5 gxf5 14. Ng3 Nf6 15.
Bh3 Rf7 16. Kh1 Ng4 17. Bxg4 fxg4 18. f5 Nxf5 19. Qxg4+ Ng7 20. Rxf7 Bxg4 21.
Rxg7+ Kh8 22. Rxg4 Bf8 23. Bg5 Be7 24. Nce4 Bxg5 25. Nxg5 Qe7 26. Nf5 Qd7 27.
Nh6 Kg7 28. Ne6+ Kxh6 29. Rh4+ Kg6 30. Rg1+ Kf6 31. Rf4+ 1-0

[Event "Malaysian Open"]
[Site "Kuala Lumpur MAS"]
[Date "2011.08.19"]
[Round "3.13"]
[White "Nolte, Rolando"]
[Black "Tan, Li Ting"]
[Result "1-0"]
[WhiteTitle "IM"]
[WhiteElo "2433"]
[BlackElo "1846"]
[WhiteFideId "5200636"]
[BlackFideId "5704820"]
[EventDate "2011.08.18"]

1. e4 e5 2. Nf3 Nc6 3. Bb5 a6 4. Ba4 Nf6 5. O-O b5 6. Bb3 Be7 7. d4 d6 8. c3 O-O
9. Re1 Bg4 10. Be3 Na5 11. dxe5 Bxf3 12. Qxf3 dxe5 13. Bc2 Nc4 14. Bc1 Re8 15.
b3 Nb6 16. Nd2 c5 17. Nf1 Qc7 18. a4 Qc6 19. a5 Nbd7 20. Ne3 Bf8 21. Nf5 Qe6 22.
h3 Nb8 23. Ne3 Nbd7 24. Bb2 Qc6 25. c4 Rab8 26. Bc3 Qc7 27. g3 g6 28. Kg2 Bg7
29. Bd3 b4 30. Bb2 Rbd8 31. Nd5 Qc6 32. Rad1 Nf8 33. Bc2 Nxd5 34. cxd5 Qc7 35.
Bd3 Ra8 36. Ra1 Qd6 37. h4 h6 38. h5 g5 39. Bc1 Nd7 40. Be3 Rec8 41. Rec1 Rc7
42. Ra2 Rac8 43. Rac2 Rb8 44. Kh2 Rbc8 45. Kg2 Rb8 46. Kg1 Rbc8 47. Bf1 Bf8 48.
Qe2 Nb8 49. Bh3 Qd8 50. Bxc8 Qxc8 51. Kg2 Bd6 52. Qf3 Kg7 53. Rc4 Be7 54. R1c2
Bd6 55. Qd1 f6 56. Qc1 Nd7 57. Bd2 Qe8 58. g4 Rb7 59. Be3 Rb5 60. Bxc5 Bxc5 61.
Rxc5 Nxc5 62. Rxc5 Rxc5 63. Qxc5 Qd7 64. Kg3 Qb7 65. Qb6 Qc8 66. Qc6 Qf8 67. d6
Kf7 68. Qd7+ Kg8 69. Qc7 1-0

[Event "Malaysian Open"]
[Site "Kuala Lumpur MAS"]
[Date "2011.08.19"]
[Round "3.17"]
[White "Li, Panru"]
[Black "Sanchez, Joseph"]
[Result "0-1"]
[BlackTitle "GM"]
[WhiteElo "2135"]
[BlackElo "2534"]
[WhiteFideId "8600880"]
[BlackFideId "5201233"]
[EventDate "2011.08.18"]

1. d4 Nf6 2. c4 c6 3. Nf3 d5 4. Nc3 dxc4 5. a4 Bf5 6. Ne5 Nbd7 7. Nxc4 Nb6 8.
Ne5 a5 9. f3 h6 10. e4 Bh7 11. Be2 Nfd7 12. Nxd7 Nxd7 13. O-O e5 14. d5 Bc5+ 15.
Kh1 O-O 16. Qb3 Rb8 17. Rd1 Kh8 18. dxc6 bxc6 19. Qc4 Bd4 20. Qxc6 f5 21. Nb5
Rc8 22. Qd6 Nc5 23. exf5 Nb3 24. Bd2 Nxa1 25. Rxa1 Bxb2 26. Re1 Qh4 27. Bxa5
Qxa4 28. Bc7 Bxf5 29. Qb6 Qc2 30. Bd8 Qd2 31. Rg1 Bd7 0-1

[Event "Malaysian Open"]
[Site "Kuala Lumpur MAS"]
[Date "2011.08.19"]
[Round "3.18"]
[White "Bitoon, Richard"]
[Black "Chen, Yibo"]
[Result "1/2-1/2"]
[WhiteTitle "IM"]
[WhiteElo "2491"]
[BlackElo "2152"]
[WhiteFideId "5201110"]
[BlackFideId "8605815"]
[EventDate "2011.08.18"]

1. e4 c5 2. Nf3 d6 3. d4 cxd4 4. Qxd4 Nc6 5. Bb5 Bd7 6. Bxc6 Bxc6 7. Nc3 Nf6 8.
Bg5 e6 9. O-O-O Be7 10. Rhe1 Qa5 11. Kb1 O-O-O 12. Bd2 Qc5 13. Qxc5 dxc5 14. Ne5
Be8 15. Bf4 b5 16. f3 Kb7 17. a4 a6 18. Rxd8 Bxd8 19. Nd3 Be7 20. Rd1 b4 21. Ne2
Bxa4 22. Ne5 Rf8 23. Nc1 Bb5 24. Nb3 Kb6 25. Be3 Ne8 26. Nd7+ Bxd7 27. Rxd7 Bd6
28. Rxd6+ Nxd6 29. Bxc5+ Kb5 30. Bxd6 Rd8 31. e5 Kc4 32. Kc1 f6 33. Kd1 fxe5 34.
Nd2+ Kb5 35. Bxe5 Rd5 36. c4+ bxc3 37. Bxc3 Rg5 38. g4 g6 39. Ne4 Rd5+ 40. Ke2
Rd7 41. h4 a5 42. Ke3 a4 43. Nd2 Rc7 44. Bf6 Kb4 45. f4 Rc1 46. Be7+ Kb5 47. Nf3
Kc4 48. Nd2+ Kd5 49. Bf6 Rg1 50. Kf3 Rd1 51. Bc3 Rh1 52. Bf6 Rd1 53. Ke2 Rg1 54.
Kf3 Rd1 1/2-1/2

[Event "Malaysian Open"]
[Site "Kuala Lumpur MAS"]
[Date "2011.08.19"]
[Round "3.19"]
[White "Gasanov, Eldar"]
[Black "Subramaniam, Sumant"]
[Result "1/2-1/2"]
[WhiteTitle "GM"]
[WhiteElo "2472"]
[BlackElo "2117"]
[WhiteFideId "14104466"]
[BlackFideId "5702720"]
[EventDate "2011.08.18"]

1. d4 Nf6 2. c4 g6 3. Nc3 d5 4. Bf4 Bg7 5. Rc1 O-O 6. Nf3 Na6 7. e3 Bf5 8. Nxd5
Nxd5 9. cxd5 Nb4 10. Bc4 Nxd5 11. Be5 c6 12. O-O Nf6 13. h3 Be4 14. a3 Rc8 15.
Qe2 Bh6 16. Rfd1 Qb6 17. b4 a5 18. Nd2 Bf5 19. Bd3 Bxd3 20. Qxd3 axb4 21. Bxf6
exf6 22. Rb1 c5 23. axb4 cxd4 24. exd4 Rfd8 25. Nf3 Rd5 26. b5 Rcd8 27. Qc4 Bf4
28. Re1 R5d7 29. Qc5 Qxc5 30. dxc5 Rc7 31. Re4 Bh6 32. Rc4 Rdc8 33. c6 bxc6 34.
b6 Rb7 35. Nd4 c5 36. Rb5 Bf4 37. Nb3 Rc6 38. Nxc5 Rbxb6 39. Nd7 Rxc4 40. Rxb6
Kg7 1/2-1/2

[Event "Malaysian Open"]
[Site "Kuala Lumpur MAS"]
[Date "2011.08.19"]
[Round "3.20"]
[White "Lane, Gary W."]
[Black "Zulfic, Fedja"]
[Result "1-0"]
[WhiteTitle "IM"]
[WhiteElo "2369"]
[BlackElo "2098"]
[WhiteFideId "3203301"]
[BlackFideId "3208427"]
[EventDate "2011.08.18"]

1. e4 e5 2. Nf3 Nf6 3. d4 Nxe4 4. Bd3 Nc6 5. dxe5 d5 6. exd6 Nxd6 7. Nc3 Bg4 8.
h3 Bh5 9. Nd5 Be7 10. Bf4 Qd7 11. c4 O-O-O 12. Qa4 Kb8 13. O-O-O Bxf3 14. gxf3
Nd4 15. Qxd7 Rxd7 16. Be5 Ne6 17. Rhe1 Bg5+ 18. Kc2 Bh6 19. b4 Ng5 20. Re3 Nxh3
21. Re2 Re8 22. c5 Nxf2 23. cxd6 Nxd1 24. Kxd1 c6 25. Bf5 Rdd8 26. Nc3 g6 27.
Bh3 Rxe5 28. Rxe5 Bg7 29. Re3 Bxc3 30. Rxc3 Rxd6+ 31. Ke2 Rd4 32. a3 Rf4 33. Re3
h5 34. Re8+ Kc7 35. Re7+ Kb6 36. Bc8 Kb5 37. Rxb7+ 1-0

[Event "Malaysian Open"]
[Site "Kuala Lumpur MAS"]
[Date "2011.08.19"]
[Round "3.21"]
[White "Chong, Chor Yuen"]
[Black "Ikeda, Junta"]
[Result "0-1"]
[BlackTitle "FM"]
[WhiteElo "2071"]
[BlackElo "2349"]
[WhiteFideId "6000320"]
[BlackFideId "3204731"]
[EventDate "2011.08.18"]

1. e4 c5 2. Nf3 e6 3. d4 cxd4 4. Nxd4 a6 5. Nc3 Qc7 6. Bd3 Nf6 7. O-O Bc5 8. Be3
d6 9. Qe2 Nbd7 10. Nb3 b5 11. a3 Bb7 12. f3 Bxe3+ 13. Qxe3 O-O 14. Rfe1 Ne5 15.
Rad1 Rfd8 16. Rd2 Rac8 17. Kh1 d5 18. exd5 Nxd3 19. Rxd3 Bxd5 20. Nd4 Bb7 21.
Red1 h6 22. Qe2 Re8 23. Qe3 Qc5 24. Qd2 Qh5 25. Nce2 Qg6 26. Ng3 h5 27. Nge2 e5
28. Nb3 e4 29. Nf4 Qh6 30. fxe4 Nxe4 31. Qe3 Nc3 32. Qg3 Nxd1 33. Rxd1 h4 34.
Qg4 Rc4 35. Qd7 Bc6 0-1

[Event "Malaysian Open"]
[Site "Kuala Lumpur MAS"]
[Date "2011.08.19"]
[Round "3.22"]
[White "Cheah, Cheok Fung"]
[Black "Muminova, Nafisa"]
[Result "0-1"]
[BlackTitle "WIM"]
[WhiteElo "2008"]
[BlackElo "2319"]
[WhiteFideId "5703271"]
[BlackFideId "14201526"]
[EventDate "2011.08.18"]

1. Nf3 Nf6 2. d4 e6 3. c4 d5 4. g3 dxc4 5. Qa4+ c6 6. Qxc4 b5 7. Qc2 Bb7 8. Bg2
Nbd7 9. O-O Rc8 10. Qb3 a6 11. a4 b4 12. Bg5 c5 13. dxc5 Bxc5 14. Nbd2 h6 15.
Be3 Be7 16. Rac1 O-O 17. Rfd1 Ng4 18. Nc4 Bd5 19. Nfd2 Nc5 20. Bxc5 Bxc5 21. e3
Qe7 22. h3 Nf6 23. e4 Ba8 24. e5 Nd5 25. Ne4 Ba7 26. Ned6 Rc7 27. Rc2 f6 28.
exf6 Qxf6 29. Ne4 Qg6 30. Ne5 Qh5 31. Rxc7 Nxc7 32. Nd7 Rf7 33. g4 Qa5 34. Qd3
Bxe4 35. Bxe4 Rxf2 36. Kh1 Nd5 37. Ne5 Qc7 38. Bh7+ Kh8 39. Ng6+ Kxh7 40. Ne7+
Kh8 0-1

[Event "Malaysian Open"]
[Site "Kuala Lumpur MAS"]
[Date "2011.08.19"]
[Round "3.23"]
[White "Bennett, Hilton"]
[Black "Olay, Edgar Reggie"]
[Result "0-1"]
[WhiteElo "1994"]
[BlackElo "2303"]
[WhiteFideId "4300734"]
[BlackFideId "5206189"]
[EventDate "2011.08.18"]

1. e4 d6 2. f4 g6 3. Nf3 Bg7 4. Nc3 c5 5. Bc4 e6 6. d3 Ne7 7. O-O a6 8. a4 O-O
9. Qe1 Nbc6 10. f5 exf5 11. Qh4 h5 12. Bg5 Qc7 13. Rae1 Be6 14. Nd5 Nxd5 15.
exd5 Bd7 16. dxc6 Bxc6 17. Qg3 b5 18. axb5 axb5 19. Re7 Qc8 20. Qxd6 Bxf3 21.
Bxb5 Qb8 22. Qxb8 Raxb8 23. Bc4 Bc6 24. b3 Bd4+ 25. Kh1 Kg7 26. Bf4 Rbe8 27.
Rfe1 Kf6 28. Bd6 g5 29. R1e2 f4 30. Rxe8 Rxe8 31. Rxe8 f3 32. Be5+ Bxe5 33. gxf3
Bxe8 34. Kg2 Bc6 0-1

[Event "Malaysian Open"]
[Site "Kuala Lumpur MAS"]
[Date "2011.08.19"]
[Round "3.24"]
[White "Pitra, Andika"]
[Black "Lei, Tingjie"]
[Result "1/2-1/2"]
[WhiteElo "2303"]
[BlackElo "2061"]
[WhiteFideId "7103255"]
[BlackFideId "8605114"]
[EventDate "2011.08.18"]

1. e4 c5 2. Nf3 Nc6 3. d4 cxd4 4. Nxd4 g6 5. Nc3 Bg7 6. Be3 Nf6 7. Bc4 O-O 8.
Bb3 a5 9. a4 d6 10. h3 Bd7 11. O-O Nxd4 12. Bxd4 Bc6 13. Re1 e5 14. Be3 Nxe4 15.
Nd5 Nc5 16. Bxc5 dxc5 17. Qd3 Bxd5 18. Qxd5 Qxd5 19. Bxd5 Rad8 20. Rad1 b6 21.
Bb3 Rfe8 22. c3 Kf8 23. Rxd8 Rxd8 24. Rd1 Rxd1+ 25. Bxd1 f5 26. f3 Bh6 27. c4
Ke7 28. Kf2 Ke6 29. Bc2 Bc1 30. b3 h5 31. g4 hxg4 32. hxg4 Kf6 33. gxf5 gxf5 34.
Bd3 Kg5 35. Bf1 Kf4 36. Bh3 e4 37. fxe4 Kxe4 38. Bg2+ Kd3 39. Bc6 Kc3 40. Kf3
Kxb3 41. Bb5 Kc3 42. Ba6 Kd4 43. Bb5 Kd3 44. Ba6 Kc3 45. Bb5 Kb3 46. Kf2 1/2-1/2

[Event "Malaysian Open"]
[Site "Kuala Lumpur MAS"]
[Date "2011.08.19"]
[Round "3.25"]
[White "Kojima, Shinya"]
[Black "Nakamura, Naohiro"]
[Result "1-0"]
[WhiteTitle "FM"]
[WhiteElo "2300"]
[BlackElo "2033"]
[WhiteFideId "7000812"]
[BlackFideId "7000715"]
[EventDate "2011.08.18"]

1. Nf3 d5 2. d4 Nf6 3. c4 e6 4. g3 dxc4 5. Bg2 Bd7 6. Ne5 Bc6 7. Nxc6 Nxc6 8.
O-O Qd7 9. Bg5 Nxd4 10. Bxf6 gxf6 11. e3 Nc6 12. Qc1 Na5 13. Rd1 Bd6 14. Qc3 Qa4
15. b3 Qb5 16. bxc4 Qe5 17. Rd4 Bc5 18. Nd2 Nc6 19. Bxc6+ bxc6 20. Rd3 Qxc3 21.
Rxc3 Bb4 22. Rd3 Rd8 23. Rxd8+ Kxd8 24. Nb3 Kc8 25. Rd1 Rd8 26. Rxd8+ Kxd8 27.
e4 Ke7 28. Kg2 Kd6 29. f4 Bc3 30. g4 Ke7 31. Kf3 f5 32. exf5 e5 33. Nc5 exf4 34.
Kxf4 f6 35. a3 h6 36. Ke4 Be5 37. Kd3 Bf4 38. Ne4 Be5 39. Kc2 Bd4 40. Kb3 Kd7
41. Ka4 Kc8 42. Ka5 Kb7 43. h4 Kb8 44. Ka6 Kc8 45. a4 Kb8 46. g5 fxg5 47. hxg5
hxg5 48. Nxg5 Kc8 49. Ne6 Be3 50. f6 Kd7 51. f7 Bh6 52. f8=Q Bxf8 53. Nxf8+ Kd6
54. Kxa7 Kc5 55. Kb7 1-0

[Event "Malaysian Open"]
[Site "Kuala Lumpur MAS"]
[Date "2011.08.19"]
[Round "3.26"]
[White "Wolfaardt, Francois"]
[Black "Yee, Soon Wei"]
[Result "0-1"]
[BlackTitle "FM"]
[WhiteElo "1780"]
[BlackElo "2281"]
[WhiteFideId "14302578"]
[BlackFideId "10500553"]
[EventDate "2011.08.18"]

1. e4 e5 2. Nf3 Nc6 3. Bb5 a6 4. Ba4 Nf6 5. O-O Be7 6. Re1 b5 7. Bb3 O-O 8. c3
d5 9. d3 dxe4 10. dxe4 Qxd1 11. Bxd1 Rd8 12. Nbd2 h6 13. h3 Bb7 14. Bc2 Nd7 15.
Nf1 Nc5 16. Ng3 Nd3 17. Rd1 Nxc1 18. Rxd8+ Rxd8 19. Rxc1 g6 20. Rd1 Bd6 21. Bb3
Kf8 22. Bd5 Ke7 23. Ne1 Rb8 24. Nc2 b4 25. cxb4 Nxb4 26. Nxb4 Bxb4 27. Bxb7 Rxb7
28. Rd5 f6 29. a3 c6 30. Rd1 Bc5 31. Rd2 Rb3 32. Ne2 Re3 33. Nc3 Re1+ 34. Kh2
Bd4 35. Rc2 Kd6 36. f3 h5 37. Ne2 Rb1 38. Nxd4 exd4 39. Kg3 Rf1 40. Kf4 a5 41.
b4 Rd1 42. bxa5 c5 43. a6 Ra1 44. Rb2 Rxa3 45. Rb6+ Kc7 46. Rxf6 c4 47. Rf7+ Kc6
48. a7 c3 49. Rf6+ Kc5 50. Rf8 Rxa7 51. Rc8+ Kb4 52. Rb8+ Kc4 53. Rc8+ Kb3 54.
e5 d3 55. Ke3 d2 56. Rd8 Kc2 57. Ke2 Ra1 58. f4 Re1+ 59. Kf2 d1=Q 60. Rxd1 Kxd1 0-1

[Event "Malaysian Open"]
[Site "Kuala Lumpur MAS"]
[Date "2011.08.19"]
[Round "3.27"]
[White "Nguyen, Thi Mai Hung"]
[Black "Lee, Kai Jie Edward"]
[Result "1-0"]
[WhiteTitle "WIM"]
[WhiteElo "2276"]
[BlackElo "2008"]
[WhiteFideId "12401676"]
[BlackFideId "5802920"]
[EventDate "2011.08.18"]

1. d4 d5 2. c4 e6 3. Nf3 Nf6 4. Nc3 c6 5. Bg5 Nbd7 6. e3 Qa5 7. Nd2 Bb4 8. Qc2
O-O 9. Bh4 Re8 10. Bd3 h6 11. O-O Bxc3 12. bxc3 e5 13. cxd5 cxd5 14. Rfe1 e4 15.
Be2 Nf8 16. Rab1 a6 17. c4 Qc7 18. Bxf6 gxf6 19. Rec1 f5 20. cxd5 Qd8 21. Qc5 b5
22. a4 Qa5 23. Nc4 Qxa4 24. Nb6 Qa2 25. Nxa8 Qxe2 26. Nc7 Rd8 27. Qe7 Rd7 28.
Qh4 Bb7 29. Ne8 Nh7 30. Qxh6 Qg4 31. h3 Qg6 32. Qxg6+ fxg6 33. Rc7 Rxc7 34. Nxc7
Nf6 35. d6 Kf7 36. Ra1 b4 37. Rb1 a5 38. Ra1 Bc6 39. Rxa5 Nd7 40. Ra6 b3 41. Ra3
Nb6 42. Rxb3 Nc8 43. Na6 Bd5 44. d7 1-0

[Event "Malaysian Open"]
[Site "Kuala Lumpur MAS"]
[Date "2011.08.19"]
[Round "3.31"]
[White "Kumar, Sri Shiva"]
[Black "Goswami, Vedant"]
[Result "0-1"]
[WhiteElo "1705"]
[BlackElo "2199"]
[WhiteFideId "5703808"]
[BlackFideId "5003725"]
[EventDate "2011.08.18"]

1. d4 Nf6 2. c4 e6 3. Bg5 h6 4. Bh4 c5 5. e3 Be7 6. Qc2 O-O 7. Nf3 Nc6 8. a3
cxd4 9. exd4 d5 10. c5 e5 11. Bxf6 Bxf6 12. dxe5 Nxe5 13. Be2 Nxf3+ 14. gxf3 Re8
15. Nc3 Bxc3+ 16. Qxc3 d4 17. Qd3 Qe7 18. Qe4 d3 19. Bxd3 Qf8 0-1